[Event "XXXIV OPEN INTERNACIONAL VILLA DE BENASQUE (90971)"]
[Site "Benasque (Spain)"]
[Date "2014.07.04"]
[Round "1"]
[Board "1"]
[White "GRANDA ZUNIGA, Julio E"]
[Black "SANTOS RUIZ, Miguel"]
[Result "1/2-1/2"]
[WhiteElo "2674"]
[BlackElo "2343"]
[PlyCount "86"]
[EventDate "2014.07.04"]
[EventRounds "9"]
[EventCountry "ESP"]

1. Nf3 c5 2. e4 Nc6 3. Bb5 g6 4. O-O Bg7 5. Bxc6 bxc6 6. d3 e5 7. Nbd2 Ne7 8.
c3 O-O 9. Qa4 d6 10. Re1 h6 11. Rb1 Be6 12. b4 cxb4 13. Rxb4 Qc7 14. Nc4 c5 15.
Rb3 d5 16. exd5 Nxd5 17. Qa6 Nb6 18. Nxb6 axb6 19. Qxb6 Qxb6 20. Rxb6 Rxa2 21.
Nxe5 Rc2 22. d4 Rxc3 23. Bb2 Rc2 24. dxc5 Rxc5 25. Nxg6 fxg6 26. Bxg7 Kxg7 27.
Rbxe6 Rc2 28. f3 Rf6 29. R6e4 h5 30. h4 Rf7 31. Rd1 Rb7 32. Rd5 Rc6 33. Kh2 Rf7
34. Kg3 Rcf6 35. Red4 Rf5 36. Rxf5 Rxf5 37. Kf2 Ra5 38. Ke3 Ra2 39. g3 Ra7 40.
Rd5 Ra4 41. Rd4 Ra7 42. Ke4 Re7+ 43. Kf4 Rf7+ 1/2-1/2

[Event "XXXIV OPEN INTERNACIONAL VILLA DE BENASQUE (90971)"]
[Site "Benasque (Spain)"]
[Date "2014.07.04"]
[Round "1"]
[Board "2"]
[White "BERKOVICH, Mark A"]
[Black "BACHMANN, Axel"]
[Result "0-1"]
[WhiteElo "2339"]
[BlackElo "2652"]
[PlyCount "146"]
[EventDate "2014.07.04"]
[EventRounds "9"]
[EventCountry "ESP"]

1. Nf3 c5 2. g3 Nc6 3. Bg2 e5 4. c4 g6 5. Nc3 Bg7 6. O-O Nge7 7. d3 O-O 8. a3
d6 9. Rb1 a5 10. Bd2 h6 11. Ne1 Be6 12. Nc2 d5 13. cxd5 Nxd5 14. Ne3 Nde7 15.
Na4 b6 16. b4 cxb4 17. axb4 Ra7 18. b5 Nd4 19. Nc4 Bg4 20. f3 Bd7 21. Naxb6
Bxb5 22. e3 Bxc4 23. dxc4 Ne6 24. Qc2 a4 25. Rfd1 a3 26. Bc3 a2 27. Rxd8
axb1=Q+ 28. Qxb1 Rxd8 29. Nd5 Kh7 30. f4 Nxd5 31. cxd5 exf4 32. Qb6 Rad7 33.
Bxg7 Nxg7 34. gxf4 f5 35. Bf3 Rd6 36. Qb7 R8d7 37. Qb8 Rd8 38. Qb7 Kg8 39. e4
fxe4 40. Bxe4 Nh5 41. f5 g5 42. Bb1 Nf6 43. Ba2 R8d7 44. Qb8+ Kg7 45. Qb2 Re7
46. Kg2 Re4 47. h3 Rd7 48. Qb5 Re5 49. Bc4 Rxf5 50. Qb2 Rf4 51. Ba2 Ra4 52. Qc2
Re4 53. Bb1 Rde7 54. Kf2 h5 55. d6 Rb7 56. Qc1 Rf4+ 57. Kg2 Kh6 58. Bd3 Rd4 59.
h4 Rg4+ 60. Kf1 Rf4+ 61. Kg2 Rg7 62. hxg5+ Rxg5+ 63. Kh3 Rd4 64. Qe3 Rxd6 65.
Kh4 Rdd5 66. Qf4 Nd7 67. Be4 Rde5 68. Bc6 Ref5 69. Qd6+ Nf6 70. Qf8+ Kh7 71.
Bf3 Rg1 72. Qb8 Kg6 73. Qa7 Rf4+ 0-1

[Event "XXXIV OPEN INTERNACIONAL VILLA DE BENASQUE (90971)"]
[Site "Benasque (Spain)"]
[Date "2014.07.04"]
[Round "1"]
[Board "3"]
[White "MELKUMYAN, Hrant"]
[Black "KHOLOPOV, Alexander A."]
[Result "1-0"]
[WhiteElo "2647"]
[BlackElo "2339"]
[PlyCount "44"]
[EventDate "2014.07.04"]
[EventRounds "9"]
[EventCountry "ESP"]

1. d4 f5 2. Nf3 Nf6 3. c4 g6 4. Nc3 Bg7 5. Bf4 d6 6. e3 O-O 7. Be2 Nc6 8. Bg3
h6 9. d5 Nb4 10. O-O e5 11. dxe6 Bxe6 12. Nd4 Bf7 13. Rc1 Na6 14. Qc2 Nc5 15.
Rfd1 a5 16. Bf3 Qe7 17. Ndb5 Rfd8 18. b3 Nfe4 19. Nxe4 fxe4 20. Be2 h5 21. h3
Rd7 22. Nxc7 Be6 1-0

[Event "XXXIV OPEN INTERNACIONAL VILLA DE BENASQUE (90971)"]
[Site "Benasque (Spain)"]
[Date "2014.07.04"]
[Round "1"]
[Board "4"]
[White "SADUAKASSOVA, Dinara"]
[Black "ANTON GUIJARRO, David"]
[Result "0-1"]
[WhiteElo "2336"]
[BlackElo "2631"]
[PlyCount "52"]
[EventDate "2014.07.04"]
[EventRounds "9"]
[EventCountry "ESP"]

1. d4 Nf6 2. c4 g6 3. Nc3 Bg7 4. e4 d6 5. Nf3 O-O 6. Be2 Bg4 7. Be3 Nfd7 8. Ng1
Bxe2 9. Ngxe2 c5 10. Rc1 a6 11. O-O Nc6 12. d5 Nce5 13. b3 b5 14. cxb5 Ng4 15.
Bf4 axb5 16. Nxb5 f5 17. f3 Nge5 18. a4 fxe4 19. fxe4 Qb6 20. Kh1 Rf7 21. Be3
Rxf1+ 22. Qxf1 Rf8 23. Qe1 Nd3 24. Qd2 Nxc1 25. Qxc1 Nf6 26. Nec3 Ng4 0-1

[Event "XXXIV OPEN INTERNACIONAL VILLA DE BENASQUE (90971)"]
[Site "Benasque (Spain)"]
[Date "2014.07.04"]
[Round "1"]
[Board "5"]
[White "POPOV, Ivan"]
[Black "COLON GARCIA, Enrique"]
[Result "1-0"]
[WhiteElo "2618"]
[BlackElo "2335"]
[PlyCount "65"]
[EventDate "2014.07.04"]
[EventRounds "9"]
[EventCountry "ESP"]

1. e4 c5 2. Nf3 d6 3. d4 cxd4 4. Nxd4 Nf6 5. Nc3 a6 6. h3 e5 7. Nde2 h5 8. g3
Be7 9. Bg2 Be6 10. f4 Nbd7 11. a4 Rc8 12. b3 g6 13. a5 b5 14. O-O b4 15. Na4
Nc5 16. Nxc5 Rxc5 17. Be3 Rxa5 18. fxe5 Rxe5 19. Rxa6 O-O 20. Bd4 Qc8 21. Ra7
Bd8 22. Nf4 Nxe4 23. Bxe4 Rxe4 24. Nxg6 Rxd4 25. Qxd4 Qc5 26. Qxc5 dxc5 27.
Nxf8 Kxf8 28. Ra8 Ke7 29. Rd1 Bb6 30. Ra6 Bd8 31. Ra7+ Ke8 32. Ra8 Bd7 33. Kh2
 1-0

[Event "XXXIV OPEN INTERNACIONAL VILLA DE BENASQUE (90971)"]
[Site "Benasque (Spain)"]
[Date "2014.07.04"]
[Round "1"]
[Board "6"]
[White "MARTIN FUENTES, Alberto"]
[Black "CORI, Jorge"]
[Result "0-1"]
[WhiteElo "2332"]
[BlackElo "2608"]
[PlyCount "122"]
[EventDate "2014.07.04"]
[EventRounds "9"]
[EventCountry "ESP"]

1. e4 c5 2. d3 g6 3. g3 Bg7 4. Bg2 Nc6 5. Ne2 d6 6. c3 e5 7. Be3 Nge7 8. O-O
O-O 9. Qd2 Be6 10. Na3 Rc8 11. b3 b6 12. Rad1 d5 13. Bh6 d4 14. c4 Qd7 15. Nc2
a6 16. Bxg7 Kxg7 17. f4 f6 18. Rf2 b5 19. Rdf1 bxc4 20. bxc4 Bg4 21. Kh1 Rb8
22. Ne1 Qc7 23. Ng1 Qa5 24. Qc1 exf4 25. Qxf4 Ne5 26. h3 Bd7 27. Ngf3 N7c6 28.
g4 h6 29. Qg3 Rbe8 30. Nxe5 Nxe5 31. Bf3 Qc3 32. Be2 Rf7 33. Kh2 Bc6 34. h4 g5
35. Kg2 Ng6 36. Kh2 Ne5 37. Kg2 Bd7 38. Rh1 Ng6 39. hxg5 hxg5 40. Qd6 Qd2 41.
Kf1 Re5 42. Qb8 Nh4 43. Rxh4 gxh4 44. Nf3 Qc1+ 45. Kg2 Re8 46. Qd6 Bxg4 47.
Nxh4 Qg5 48. Qg3 Bxe2 49. Nf5+ Kg6 50. Rxe2 Rb8 51. Kf3 Qxg3+ 52. Kxg3 Rh7 53.
Kf4 Rb1 54. Rf2 Rd1 55. Rf3 Kf7 56. e5 Ke6 57. exf6 Kxf6 58. Ke4 Re1+ 59. Kf4
Ke6 60. Kg3 Rf7 61. Kf2 Ra1 0-1

[Event "XXXIV OPEN INTERNACIONAL VILLA DE BENASQUE (90971)"]
[Site "Benasque (Spain)"]
[Date "2014.07.05"]
[Round "2"]
[Board "1"]
[White "BACHMANN, Axel"]
[Black "ANTOLI ROYO, Joaquin Miguel"]
[Result "1-0"]
[WhiteElo "2652"]
[BlackElo "2443"]
[PlyCount "43"]
[EventDate "2014.07.04"]
[EventRounds "9"]
[EventCountry "ESP"]

1. d4 Nf6 2. c4 g6 3. Nc3 d5 4. cxd5 Nxd5 5. Bd2 Nb6 6. Nf3 Bg7 7. Bf4 c5 8.
dxc5 Bxc3+ 9. bxc3 Qxd1+ 10. Rxd1 Na4 11. g3 O-O 12. Bg2 Nxc3 13. Rd2 f6 14.
Rc2 Nd5 15. Bxb8 Rxb8 16. Nd4 Nb4 17. Rb2 Na6 18. O-O Rd8 19. Nb3 Be6 20. Rc1
Rd7 21. e3 Nb4 22. c6 1-0

[Event "XXXIV OPEN INTERNACIONAL VILLA DE BENASQUE (90971)"]
[Site "Benasque (Spain)"]
[Date "2014.07.05"]
[Round "2"]
[Board "2"]
[White "BAE, Torstein"]
[Black "MELKUMYAN, Hrant"]
[Result "0-1"]
[WhiteElo "2435"]
[BlackElo "2647"]
[PlyCount "78"]
[EventDate "2014.07.04"]
[EventRounds "9"]
[EventCountry "ESP"]

1. e4 e5 2. Nf3 Nc6 3. Bb5 a6 4. Ba4 Nf6 5. O-O Be7 6. Re1 b5 7. Bb3 O-O 8. d3
d6 9. c3 Nb8 10. Nbd2 Nbd7 11. Nf1 Nc5 12. Bc2 Bb7 13. Ng3 Re8 14. d4 Ncd7 15.
h3 Bf8 16. Nh2 d5 17. dxe5 Nxe5 18. f4 Bc5+ 19. Kf1 Ng6 20. e5 Ne4 21. Nxe4
dxe4 22. Qxd8 Raxd8 23. Ng4 h5 24. Nh2 Nh4 25. Be3 Bxe3 26. Rxe3 Nxg2 27. Kxg2
Rd2+ 28. Kg3 Rxc2 29. Nf1 Rxb2 30. Kh4 Rf2 31. Kg3 Rc2 32. Kh4 Rd8 33. a4 bxa4
34. Rxa4 Rf2 35. Ng3 Rxf4+ 36. Kxh5 Re8 37. Ra5 Re6 38. Kg5 Rf2 39. Nxe4 Rg6+
 0-1

[Event "XXXIV OPEN INTERNACIONAL VILLA DE BENASQUE (90971)"]
[Site "Benasque (Spain)"]
[Date "2014.07.05"]
[Round "2"]
[Board "3"]
[White "ANTON GUIJARRO, David"]
[Black "KOHLWEYER, Bernd"]
[Result "0-1"]
[WhiteElo "2631"]
[BlackElo "2422"]
[PlyCount "132"]
[EventDate "2014.07.04"]
[EventRounds "9"]
[EventCountry "ESP"]

1. e4 c5 2. Nf3 e6 3. d3 Nc6 4. g3 g6 5. Bg2 Bg7 6. O-O Nge7 7. c3 d5 8. Nbd2
h6 9. exd5 exd5 10. Nb3 b6 11. d4 c4 12. Nbd2 Be6 13. Re1 Rc8 14. Nf1 O-O 15.
Bf4 Qd7 16. Ne5 Nxe5 17. Bxe5 f6 18. Bf4 Rfe8 19. Bd2 g5 20. b3 cxb3 21. Qxb3
Bf7 22. Ne3 Red8 23. Bf3 f5 24. Be2 Rc7 25. Bb5 Qc8 26. Ng2 Bf6 27. Bd3 Rd6 28.
Qd1 Kg7 29. a4 Bg6 30. a5 f4 31. Nxf4 gxf4 32. Bxf4 Rdc6 33. Bxg6 Nxg6 34. Bxc7
Rxc7 35. axb6 axb6 36. Qb3 Ne7 37. Re3 Rb7 38. Rae1 Qd7 39. Re6 b5 40. Qb4 Rc7
41. Rd6 Qf5 42. Qxb5 h5 43. Rde6 Ng8 44. Re8 Nh6 45. Qb8 Rf7 46. Qc8 Qc2 47.
R8e2 Qb3 48. Re3 Qc2 49. Rf3 Bxd4 50. Rxf7+ Nxf7 51. Rf1 Bxc3 52. Qh3 Qg6 53.
Qc8 d4 54. Qc5 Qg5 55. Qxg5+ Nxg5 56. Rd1 Kf6 57. Kg2 Kf5 58. f3 Ne6 59. Kf2
Ke5 60. f4+ Ke4 61. Ke2 Nc5 62. Rf1 d3+ 63. Kd1 Ke3 64. h3 Bd2 65. f5 Ne4 66.
Re1+ Bxe1 0-1

[Event "XXXIV OPEN INTERNACIONAL VILLA DE BENASQUE (90971)"]
[Site "Benasque (Spain)"]
[Date "2014.07.05"]
[Round "2"]
[Board "4"]
[White "ROEDER, Matthias"]
[Black "POPOV, Ivan"]
[Result "0-1"]
[WhiteElo "2423"]
[BlackElo "2618"]
[PlyCount "110"]
[EventDate "2014.07.04"]
[EventRounds "9"]
[EventCountry "ESP"]

1. Nf3 d5 2. c4 d4 3. b4 Bg4 4. Ne5 Bf5 5. Qa4+ c6 6. d3 Nd7 7. Nxd7 Qxd7 8.
Nd2 e5 9. Nf3 Nf6 10. Nxe5 Qd6 11. f4 Qxb4+ 12. Qxb4 Bxb4+ 13. Bd2 Bxd2+ 14.
Kxd2 Ng4 15. Nxg4 Bxg4 16. h3 Bd7 17. g4 h5 18. Bg2 O-O-O 19. Bf3 hxg4 20. hxg4
f6 21. f5 Kc7 22. e3 dxe3+ 23. Kxe3 c5 24. Be4 Bc6 25. Kf4 Rxh1 26. Rxh1 Rxd3
27. Bxc6 Kxc6 28. Rh7 Rd4+ 29. Kf3 Rd7 30. g5 fxg5 31. a4 Kd6 32. Kg4 Ke5 33.
Rh8 Kd4 34. Kxg5 Kxc4 35. Kg6 Kd4 36. Rh7 Rd6+ 37. Kg5 c4 38. Rxg7 c3 39. Rxb7
Rc6 40. Rb1 c2 41. Rc1 Kc3 42. f6 Kb2 43. f7 Rc8 44. Rf1 c1=Q+ 45. Rxc1 Kxc1
46. Kf6 Kb2 47. a5 Kb3 48. Ke7 Kb4 49. a6 Kb5 50. f8=Q Rxf8 51. Kxf8 Kxa6 52.
Ke7 Kb5 53. Kd6 a5 54. Kd5 a4 55. Kd4 Kb4 0-1

[Event "XXXIV OPEN INTERNACIONAL VILLA DE BENASQUE (90971)"]
[Site "Benasque (Spain)"]
[Date "2014.07.05"]
[Round "2"]
[Board "5"]
[White "CORI, Jorge"]
[Black "MU, Ke"]
[Result "1-0"]
[WhiteElo "2608"]
[BlackElo "2409"]
[PlyCount "75"]
[EventDate "2014.07.04"]
[EventRounds "9"]
[EventCountry "ESP"]

1. c4 Nf6 2. g3 g6 3. Bg2 Bg7 4. Nc3 O-O 5. d4 d6 6. Nf3 Nc6 7. O-O Rb8 8. h3
a6 9. e4 b5 10. cxb5 axb5 11. a3 Nd7 12. b4 e6 13. Re1 Ne7 14. Bf4 h6 15. Rc1
g5 16. Bd2 Nf6 17. h4 gxh4 18. Nxh4 Ng6 19. e5 dxe5 20. dxe5 Nd7 21. Nxg6 fxg6
22. f4 Bb7 23. Be3 Bxg2 24. Kxg2 g5 25. Ne4 gxf4 26. gxf4 Rf7 27. Qg4 Nf8 28.
Red1 Qc8 29. Nd6 Qd7 30. Nxf7 Qxf7 31. Rc6 Ra8 32. Rd3 Kh8 33. Rdc3 Rc8 34. Bb6
Nd7 35. Rxc7 Rg8 36. Rg3 Qe8 37. Bf2 Qd8 38. Ra7 1-0

[Event "XXXIV OPEN INTERNACIONAL VILLA DE BENASQUE (90971)"]
[Site "Benasque (Spain)"]
[Date "2014.07.05"]
[Round "2"]
[Board "7"]
[White "SANDIPAN, Chanda"]
[Black "KOMLJENOVIC, Davorin"]
[Result "1-0"]
[WhiteElo "2597"]
[BlackElo "2405"]
[PlyCount "65"]
[EventDate "2014.07.04"]
[EventRounds "9"]
[EventCountry "ESP"]

1. d4 d5 2. Bf4 c6 3. e3 Qb6 4. Qc1 Nf6 5. Bd3 Nh5 6. Bg5 h6 7. Bh4 Nd7 8. Nd2
g5 9. Bg3 Nxg3 10. hxg3 e5 11. dxe5 Nxe5 12. Ngf3 Nxd3+ 13. cxd3 Bg7 14. d4 Bf5
15. Nb3 Qb4+ 16. Qd2 a5 17. Rc1 O-O 18. Rc3 a4 19. Nc1 Rfc8 20. Nd3 Qb5 21.
Nfe5 c5 22. dxc5 Bxd3 23. Nxd3 d4 24. exd4 Re8+ 25. Kd1 Bxd4 26. Rxh6 Rad8 27.
Rb6 Qa5 28. Rc2 Qa8 29. Qxg5+ Bg7 30. Rd6 Qa5 31. Re2 Rf8 32. Qd2 Qb5 33. Qb4
 1-0

[Event "XXXIV OPEN INTERNACIONAL VILLA DE BENASQUE (90971)"]
[Site "Benasque (Spain)"]
[Date "2014.07.05"]
[Round "2"]
[Board "8"]
[White "CORI T., Deysi"]
[Black "BURMAKIN, Vladimir"]
[Result "0-1"]
[WhiteElo "2414"]
[BlackElo "2590"]
[PlyCount "64"]
[EventDate "2014.07.04"]
[EventRounds "9"]
[EventCountry "ESP"]

1. d4 d5 2. Nf3 c6 3. g3 Bf5 4. Bg2 e6 5. O-O Nd7 6. c4 Ngf6 7. Qb3 Qb6 8. c5
Qa6 9. Nc3 b6 10. cxb6 axb6 11. Bg5 Ne4 12. Rfc1 Nxg5 13. Nxg5 Be7 14. Nh3 O-O
15. e4 dxe4 16. Nxe4 c5 17. d5 exd5 18. Qxd5 g6 19. Nf4 Rad8 20. Qb3 Bxe4 21.
Bxe4 Bg5 22. Nd5 Bxc1 23. Rxc1 Qe2 24. f3 Ne5 25. Qc3 Rxd5 26. Bxd5 Nd3 27. Rf1
Rd8 28. Qc4 Qe3+ 29. Kh1 Rd7 30. Qb3 Qe2 31. Kg1 b5 32. Be4 Nf4 0-1

[Event "XXXIV OPEN INTERNACIONAL VILLA DE BENASQUE (90971)"]
[Site "Benasque (Spain)"]
[Date "2014.07.06"]
[Round "3"]
[Board "1"]
[White "SIERRA MONTOYA, Miquel"]
[Black "BACHMANN, Axel"]
[Result "0-1"]
[WhiteElo "2075"]
[BlackElo "2652"]
[PlyCount "52"]
[EventDate "2014.07.04"]
[EventRounds "9"]
[EventCountry "ESP"]

1. e4 g6 2. d4 Bg7 3. Nc3 d6 4. Nf3 a6 5. Be3 b5 6. Bd3 Bb7 7. h3 Nd7 8. O-O c5
9. a3 Ngf6 10. dxc5 dxc5 11. e5 Bxf3 12. Qxf3 Nxe5 13. Qe2 c4 14. Be4 Nxe4 15.
Nxe4 O-O 16. Rad1 Qc7 17. Bf4 Rad8 18. Qe3 Qc8 19. Rfe1 Nc6 20. b3 Nd4 21. Rc1
Qc6 22. Ng3 Rd7 23. Be5 Rfd8 24. Bxg7 Kxg7 25. Qg5 f6 26. Qe3 e5 0-1

[Event "XXXIV OPEN INTERNACIONAL VILLA DE BENASQUE (90971)"]
[Site "Benasque (Spain)"]
[Date "2014.07.06"]
[Round "3"]
[Board "2"]
[White "MELKUMYAN, Hrant"]
[Black "SACRISTAN LATORRE, Alberto"]
[Result "1-0"]
[WhiteElo "2647"]
[BlackElo "2071"]
[PlyCount "89"]
[EventDate "2014.07.04"]
[EventRounds "9"]
[EventCountry "ESP"]

1. d4 Nf6 2. c4 g6 3. Nc3 Bg7 4. e4 d6 5. Be2 O-O 6. Bg5 h6 7. Be3 e5 8. d5
Nbd7 9. Qd2 Kh7 10. g4 Nc5 11. f3 a5 12. h4 Nfd7 13. O-O-O b6 14. Kb1 Ba6 15.
Rc1 a4 16. Nh3 Qe7 17. Nf2 Bb7 18. Rh2 a3 19. h5 g5 20. b4 Na6 21. Nb5 Rfb8 22.
Nh1 Bf8 23. Ng3 Nf6 24. Nf5 Qd7 25. Bf1 Ne8 26. Qc3 Bc8 27. Rd2 c5 28. dxc6
Qxc6 29. Bf2 Nac7 30. Qb3 Be6 31. Nxc7 Qxc7 32. Ne3 Be7 33. Nd5 Bxd5 34. cxd5
Qa7 35. Rdc2 Qa4 36. Qxa4 Rxa4 37. Be1 Ra7 38. Bb5 Kg7 39. Bf2 Kf8 40. Rc8 Raa8
41. Rxb8 Rxb8 42. Rc3 Ra8 43. Bc6 Ra6 44. b5 Ra4 45. Bxb6 1-0

[Event "XXXIV OPEN INTERNACIONAL VILLA DE BENASQUE (90971)"]
[Site "Benasque (Spain)"]
[Date "2014.07.06"]
[Round "3"]
[Board "3"]
[White "POPOV, Ivan"]
[Black "RIBERA CEBOLLA, Marc"]
[Result "1-0"]
[WhiteElo "2618"]
[BlackElo "2069"]
[PlyCount "52"]
[EventDate "2014.07.04"]
[EventRounds "9"]
[EventCountry "ESP"]

1. e4 c5 2. Nf3 e6 3. d4 cxd4 4. Nxd4 a6 5. c4 Qc7 6. Nc3 Nf6 7. Be2 d6 8. O-O
b6 9. f4 Bb7 10. Qd3 Nbd7 11. b4 Rc8 12. Bb2 Be7 13. Rac1 O-O 14. g4 g6 15. g5
Ne8 16. Qh3 Ng7 17. Qh6 f6 18. Qxg7+ Kxg7 19. Nxe6+ Kg8 20. Nxc7 Rxc7 21. Nd5
Bxd5 22. cxd5 Ra7 23. Bg4 a5 24. Be6+ Kg7 25. Bxd7 Rxd7 26. gxf6+ Bxf6 1-0

[Event "XXXIV OPEN INTERNACIONAL VILLA DE BENASQUE (90971)"]
[Site "Benasque (Spain)"]
[Date "2014.07.06"]
[Round "3"]
[Board "4"]
[White "CERVELLO TOST, Ferran"]
[Black "CORI, Jorge"]
[Result "0-1"]
[WhiteElo "2065"]
[BlackElo "2608"]
[PlyCount "124"]
[EventDate "2014.07.04"]
[EventRounds "9"]
[EventCountry "ESP"]

1. Nf3 d5 2. g3 c6 3. Bg2 Nf6 4. d4 g6 5. O-O Bg7 6. c4 O-O 7. b3 dxc4 8. bxc4
c5 9. Bb2 cxd4 10. Nxd4 Na6 11. Nb3 Qc7 12. Na3 Rd8 13. Qe1 Be6 14. Qa5 Rac8
15. Rfd1 Rxd1+ 16. Rxd1 Ne8 17. Bxg7 Kxg7 18. Qb5 Nd6 19. Qe5+ Kg8 20. Bd5 Bxd5
21. cxd5 Qd7 22. Qf4 h5 23. e4 Qa4 24. e5 Qxa3 25. exd6 Qxd6 26. Qe4 Rd8 27.
Qd4 b6 28. Qa4 Nc7 29. Qxa7 Nxd5 30. Qb7 Qe5 31. Rc1 Kg7 32. Qc6 e6 33. h4 g5
34. Qc4 g4 35. Nd4 Rd7 36. Rd1 Rc7 37. Qd3 Nc3 38. Rc1 Rc5 39. Kh2 Nxa2 40.
Rxc5 bxc5 41. Ne2 Nb4 42. Qd2 Nd5 43. Qc2 Kg8 44. Nc1 Qc3 45. Qd1 c4 46. Ne2
Qf3 47. Kg1 c3 48. Qc2 Kf8 49. Nd4 Ne3 50. fxe3 Qxg3+ 51. Kf1 Qxe3 52. Ne2 Qh3+
53. Kg1 g3 54. Nxc3 g2 55. Ne2 Qh1+ 56. Kf2 Qf1+ 57. Ke3 g1=Q+ 58. Nxg1 Qxg1+
59. Kf3 Qg4+ 60. Ke3 Qg3+ 61. Kd4 Qxh4+ 62. Ke5 Qg3+ 0-1

[Event "XXXIV OPEN INTERNACIONAL VILLA DE BENASQUE (90971)"]
[Site "Benasque (Spain)"]
[Date "2014.07.06"]
[Round "3"]
[Board "5"]
[White "CORRIGUELAS ARMILLAS, Frederic"]
[Black "SANDIPAN, Chanda"]
[Result "0-1"]
[WhiteElo "2027"]
[BlackElo "2597"]
[PlyCount "92"]
[EventDate "2014.07.04"]
[EventRounds "9"]
[EventCountry "ESP"]

1. e4 c5 2. Nf3 a6 3. Nc3 d6 4. d4 cxd4 5. Nxd4 e6 6. Be3 b5 7. Qd2 Nf6 8. f3
Nbd7 9. O-O-O Bb7 10. Kb1 Rc8 11. g4 Ne5 12. h4 Qa5 13. Bd3 b4 14. Nce2 d5 15.
Ng3 dxe4 16. Nxe4 Nxe4 17. Bxe4 Bxe4 18. fxe4 Be7 19. Bf4 Nc4 20. Qd3 O-O 21.
Nb3 Qb5 22. Qd7 Qxd7 23. Rxd7 Bf6 24. Bc1 Rfd8 25. Ra7 Rd6 26. Rf1 Bxh4 27.
Rfxf7 Bf6 28. Rfb7 Rd1 29. Rxb4 Nxb2 30. Rbb7 Na4 31. c4 h6 32. Rc7 Rxc7 33.
Rxc7 Re1 34. Kc2 Rxe4 35. g5 hxg5 36. c5 Rc4+ 37. Kd3 Rc3+ 38. Ke4 g4 39. Be3
Nb2 40. Bg1 Rc4+ 41. Ke3 Bg5+ 42. Ke2 Rc2+ 43. Kf1 g3 44. Bd4 e5 45. Rc8+ Kh7
46. Bxb2 g2+ 0-1

[Event "XXXIV OPEN INTERNACIONAL VILLA DE BENASQUE (90971)"]
[Site "Benasque (Spain)"]
[Date "2014.07.06"]
[Round "3"]
[Board "6"]
[White "BURMAKIN, Vladimir"]
[Black "MALASSAGNE, Isabelle"]
[Result "1-0"]
[WhiteElo "2590"]
[BlackElo "2067"]
[PlyCount "77"]
[EventDate "2014.07.04"]
[EventRounds "9"]
[EventCountry "ESP"]

1. d4 Nf6 2. Nf3 g6 3. c3 Bg7 4. Bf4 O-O 5. e3 d5 6. Nbd2 b6 7. h3 Bb7 8. Be2
c5 9. O-O Nc6 10. Qb1 Nd7 11. Rd1 Qc8 12. Bh2 e5 13. dxe5 Ndxe5 14. Qc2 Rd8 15.
Qa4 Qf5 16. Nxe5 Nxe5 17. Nf3 Nxf3+ 18. Bxf3 Qe6 19. Rd2 Bc6 20. Qb3 Qd7 21.
Bf4 c4 22. Qd1 Qb7 23. Qc2 b5 24. Rad1 Bf6 25. g4 a5 26. g5 Be7 27. Rd4 f6 28.
h4 Rd7 29. e4 dxe4 30. Rxd7 Bxd7 31. Qxe4 Qxe4 32. Bxe4 Bg4 33. f3 Bc5+ 34. Kh1
Re8 35. Bc6 Bh5 36. gxf6 Re2 37. Bd5+ Kf8 38. Bh6+ Ke8 39. f7+ 1-0

[Event "XXXIV OPEN INTERNACIONAL VILLA DE BENASQUE (90971)"]
[Site "Benasque (Spain)"]
[Date "2014.07.06"]
[Round "3"]
[Board "8"]
[White "GARCIA LOPEZ, Nicolas"]
[Black "NARODITSKY, Daniel"]
[Result "0-1"]
[WhiteElo "2009"]
[BlackElo "2577"]
[PlyCount "38"]
[EventDate "2014.07.04"]
[EventRounds "9"]
[EventCountry "ESP"]

1. e4 c5 2. g3 d5 3. exd5 Qxd5 4. Nf3 Bg4 5. Bg2 Qe6+ 6. Kf1 Nc6 7. h3 Bh5 8.
d3 Qd7 9. Nbd2 f6 10. Ne4 b6 11. Be3 Qc7 12. g4 Bf7 13. Nfd2 e5 14. Nc3 Nge7
15. Nc4 Rd8 16. Qe2 Nd4 17. Bxd4 cxd4 18. Nb5 Qb8 19. a4 a6 0-1

[Event "XXXIV OPEN INTERNACIONAL VILLA DE BENASQUE (90971)"]
[Site "Benasque (Spain)"]
[Date "2014.07.07"]
[Round "4"]
[Board "1"]
[White "BACHMANN, Axel"]
[Black "LEI, Tingjie"]
[Result "1-0"]
[WhiteElo "2652"]
[BlackElo "2450"]
[PlyCount "57"]
[EventDate "2014.07.04"]
[EventRounds "9"]
[EventCountry "ESP"]

1. e4 c5 2. Nf3 e6 3. g3 Nc6 4. Bg2 Nf6 5. Qe2 e5 6. O-O Be7 7. c3 O-O 8. d4
cxd4 9. cxd4 d5 10. exd5 Nxd4 11. Nxd4 exd4 12. Qc4 Qb6 13. Nd2 Bd7 14. a4 Rac8
15. Qd3 Rfd8 16. Nb3 Qb4 17. Nxd4 Nxd5 18. Bxd5 Bh3 19. Nf5 Bxf1 20. Kxf1 Bf6
21. Qf3 Rc5 22. Ba2 Rxc1+ 23. Rxc1 Qxb2 24. Bxf7+ Kxf7 25. Rc7+ Kg8 26. Rxb7
Qa1+ 27. Kg2 a5 28. Qe4 Qc1 29. Nd6 1-0

[Event "XXXIV OPEN INTERNACIONAL VILLA DE BENASQUE (90971)"]
[Site "Benasque (Spain)"]
[Date "2014.07.07"]
[Round "4"]
[Board "2"]
[White "VISHNU, Prasanna. V"]
[Black "MELKUMYAN, Hrant"]
[Result "1/2-1/2"]
[WhiteElo "2459"]
[BlackElo "2647"]
[PlyCount "145"]
[EventDate "2014.07.04"]
[EventRounds "9"]
[EventCountry "ESP"]

1. d4 Nf6 2. c4 e6 3. Nf3 d5 4. Nc3 Be7 5. Bg5 h6 6. Bh4 O-O 7. e3 b6 8. Be2
Bb7 9. Bxf6 Bxf6 10. cxd5 exd5 11. O-O c6 12. Qb3 Re8 13. Rfe1 Nd7 14. Rad1 Nf8
15. e4 g6 16. Bd3 Ne6 17. e5 Bg7 18. Bb1 Qe7 19. Ne2 c5 20. Qe3 Rad8 21. h4 h5
22. Nf4 cxd4 23. Qd2 Bc8 24. Nxe6 Bxe6 25. Ng5 Bh6 26. f4 Bxg5 27. hxg5 Rc8 28.
Qf2 Rc4 29. Bd3 Rc5 30. Qxd4 Rec8 31. a3 Bg4 32. Rd2 Qe6 33. Rf1 Bf5 34. Rfd1
Bxd3 35. Rxd3 Qf5 36. Qe3 Rd8 37. b3 Qg4 38. Rf1 Rc2 39. Rf2 Rc5 40. Rd4 Qf5
41. Re2 Rc6 42. Re1 Qc8 43. Rd3 Qe6 44. Red1 Rc5 45. Qf3 Kg7 46. Rd4 Rd7 47.
R4d3 a5 48. R3d2 Qf5 49. Qe3 Kh7 50. Re1 Rdc7 51. Rd3 Qg4 52. Red1 Rc3 53. Qf2
Rxd3 54. Rxd3 Rc1+ 55. Kh2 Qf5 56. Qf3 Rc5 57. Rd4 Qe6 58. Qd3 Qg4 59. Qh3
Qxh3+ 60. Kxh3 Kg7 61. g3 Rc3 62. b4 Rxa3 63. Rxd5 axb4 64. Rb5 Ra6 65. Rxb4
Kf8 66. g4 hxg4+ 67. Kxg4 Ke7 68. f5 gxf5+ 69. Kxf5 Ra1 70. Rxb6 Rf1+ 71. Ke4
Re1+ 72. Kf5 Rf1+ 73. Ke4 1/2-1/2

[Event "XXXIV OPEN INTERNACIONAL VILLA DE BENASQUE (90971)"]
[Site "Benasque (Spain)"]
[Date "2014.07.07"]
[Round "4"]
[Board "3"]
[White "GONZALEZ ACOSTA, Bernal"]
[Black "POPOV, Ivan"]
[Result "1/2-1/2"]
[WhiteElo "2458"]
[BlackElo "2618"]
[PlyCount "51"]
[EventDate "2014.07.04"]
[EventRounds "9"]
[EventCountry "ESP"]

1. d4 Nf6 2. c4 g6 3. f3 Nc6 4. d5 Ne5 5. e4 d6 6. Nc3 Bg7 7. f4 Ned7 8. Nh3
O-O 9. Be2 Nc5 10. Nf2 e5 11. dxe6 fxe6 12. Be3 Nfd7 13. Bg4 a5 14. O-O Kh8 15.
Qc2 b6 16. Rad1 Ba6 17. b3 Qf6 18. Nb5 Bxb5 19. cxb5 Qc3 20. Qe2 Rae8 21. Rc1
Qf6 22. a3 Qb2 23. b4 axb4 24. Qxb2 Bxb2 25. axb4 Bxc1 26. Rxc1 1/2-1/2

[Event "XXXIV OPEN INTERNACIONAL VILLA DE BENASQUE (90971)"]
[Site "Benasque (Spain)"]
[Date "2014.07.07"]
[Round "4"]
[Board "4"]
[White "CORI, Jorge"]
[Black "KOHLWEYER, Bernd"]
[Result "1-0"]
[WhiteElo "2608"]
[BlackElo "2422"]
[PlyCount "95"]
[EventDate "2014.07.04"]
[EventRounds "9"]
[EventCountry "ESP"]

1. d4 Nf6 2. Nf3 e6 3. c4 d5 4. Bg5 h6 5. Bh4 Bb4+ 6. Nc3 dxc4 7. Qa4+ Nc6 8.
e3 Qd5 9. Nd2 Bxc3 10. bxc3 b5 11. Qa3 e5 12. Be2 Bf5 13. O-O g5 14. Bg3 Bd3
15. Bxd3 cxd3 16. Rab1 a6 17. Rfc1 Qd6 18. Qb2 Nh5 19. c4 Nxg3 20. hxg3 exd4
21. cxb5 Ne7 22. Ne4 Qb6 23. Rc5 Rd8 24. exd4 O-O 25. Qc3 f5 26. Nd2 axb5 27.
Rbxb5 Qd6 28. Qc4+ Rf7 29. Rxc7 Qxd4 30. Qxd4 Rxd4 31. Rbb7 Kf8 32. Ra7 g4 33.
Rd7 Rxd7 34. Rxd7 Rf6 35. Rxd3 Ra6 36. a3 Ra4 37. Kf1 Kf7 38. Ke2 Ke6 39. Nb3
Rc4 40. Kd2 Rc8 41. a4 Ke5 42. Rd7 Nd5 43. a5 Nf6 44. Re7+ Kd5 45. Rb7 f4 46.
gxf4 Ne4+ 47. Ke1 Rc2 48. Rd7+ 1-0